[Event "AUTO-ADV-4925"]
[Site "http://www.queenalice.com/game.php?id=1870671"]
[Date "2026.3.19"]
[Round "1"]
[White "ricardoaurelio"]
[Black "Connor"]
[Result "0-1"]
[WhiteElo "1987"]
[BlackElo "1924"]

1. e4 e5 2. Nf3 d6 3. Bc4 Be7 4. Nc3 Nf6 5. d3 a6 6. h3 Bd7 7. Ng5 O-O 8. Be3
Bc6 9. Nf3 Nbd7 10. O-O Nb6 11. Bb3 Nbd7 12. a4 b5 13. axb5 axb5 14. Qd2 Qb8 15.
Rxa8 Qxa8 16. Na2 Nc5 17. Qc3 Nxb3 18. Qxb3 Bd7 19. Nb4 c5 20. Nd5 Nxd5 21. exd5
b4 22. Qc4 f5 23. Bg5 Bxg5 24. Nxg5 h6 25. Nf3 Be8 26. Qb3 Bf7 27. c4 bxc3 28.
bxc3 Bxd5 29. Qb2 Bxf3 30. Ra1 Qd5 31. gxf3 Qxf3 32. Qb3+ Kh7 33. h4 Qxd3 34.
Rd1 Qh3 35. Qa4 Qxc3 36. Rxd6 Qe1+ 37. Kg2 Qe4+ 38. Qxe4 fxe4 39. Rc6 Rf4 40.
Rxc5 Rxh4 41. Rxe5 g5 42. Ra5 Rf4 43. Kg3 Kg6 44. Ra6+ Rf6 45. Ra4 Re6 46. Ra3
Kf5 47. Ra5+ Re5 48. Ra3 h5 49. Ra8 h4+ 50. Kg2 Kf4 51. Rf8+ Rf5 52. Rh8 Kg4 53.
Rh7 e3 54. fxe3 Rf3 55. Re7 h3+ 56. Kg1 Kg3 57. Rh7 Rxe3 58. Kf1 h2 59. Rh5 g4
60. Rh8 Rf3+ 61. Ke2 Kg2 62. Rg8 g3 63. Rh8 Rf1 0-1

[Event "AUTO-ADV-4925"]
[Site "http://www.queenalice.com/game.php?id=1870684"]
[Date "2026.3.19"]
[Round "1"]
[White "SGF"]
[Black "ricardoaurelio"]
[Result "0-1"]
[WhiteElo "1677"]
[BlackElo "1993"]

1. e4 e5 2. Qf3 Nf6 3. d3 d6 4. Be2 Bg4 5. Qg3 Bxe2 6. Nxe2 h6 7. h4 Nc6 8. c3
d5 9. b4 b5 10. exd5 Nxd5 11. h5 Qf6 12. a4 bxa4 13. Rxa4 Bd6 14. Qf3 Qxf3 15.
gxf3 Rb8 16. Rg1 Rg8 17. Ng3 a5 18. Nf5 Kf8 19. Nxg7 axb4 20. Bxh6 Rh8 21. Nf5+
Ke8 22. Ng7+ Kd7 23. Bg5 bxc3 24. Kf1 Rxb1+ 25. Kg2 Rxg1+ 26. Kxg1 f6 27. Bc1
Bf8 28. Nf5 Rxh5 29. Ng3 Rh7 30. Ne4 Rg7+ 31. Kf1 Rg6 32. Rc4 Bb4 33. Ke2 Rg1
34. Bh6 Nd4+ 35. Rxd4 exd4 36. f4 f5 37. Ng3 c2 38. Kf3 c1=Q 39. Nxf5 Nf6 40.
Nxd4 Qd1+ 41. Ne2 Qxd3# 0-1

[Event "AUTO-ADV-4925"]
[Site "http://www.queenalice.com/game.php?id=1870685"]
[Date "2026.3.19"]
[Round "1"]
[White "ricardoaurelio"]
[Black "SGF"]
[Result "1-0"]
[WhiteElo "1984"]
[BlackElo "1658"]

1. e4 e5 2. Nf3 Qf6 3. Bc4 d6 4. d3 Bg4 5. h3 Bxf3 6. gxf3 c6 7. Nc3 b5 8. Bb3
a5 9. a3 a4 10. Ba2 h5 11. Be3 Ne7 12. Qd2 Qxf3 13. Rh2 h4 14. Qe2 Qxe2+ 15.
Kxe2 f5 16. exf5 Nxf5 17. Be6 Nxe3 18. fxe3 Ke7 19. Bg4 g5 20. Ne4 d5 21. Nxg5
Kf6 22. Ne6 Nd7 23. Rf2+ Ke7 24. Raf1 Kd6 25. Rf7 Rg8 26. Nxf8 Nxf8 27. R1f6+
Kc5 28. Rc7 Ra6 29. c3 Ng6 30. Bd7 Ne7 31. Kf2 Kb6 32. Bc8 Nxc8 33. Rfxc6+ Ka5
34. Rxc8 Rxc8 35. Rxc8 Rf6+ 36. Ke2 Rg6 37. Kf2 Rg3 38. Rc5 Rxh3 39. Rxd5 Rh2+
40. Kf3 Rxb2 41. Rxe5 Rb3 42. c4 Rxa3 43. Rxb5+ Ka6 44. Ke4 Ra1 45. Rb8 h3 46.
Rb2 Rh1 47. Ra2 Ka5 48. c5 Kb5 49. d4 Rg1 50. Kd5 Rg2 51. Ra1 h2 52. Rb1+ Ka5
53. Rh1 a3 54. c6 a2 55. c7 a1=Q 56. Rxa1+ Kb6 57. c8=Q Rg1 58. Qc6# 1-0

[Event "AUTO-OPEN-4644"]
[Site "http://www.queenalice.com/game.php?id=1870905"]
[Date "2026.3.24"]
[Round "1"]
[White "zubarev"]
[Black "ricardoaurelio"]
[Result "1-0"]
[WhiteElo "1908"]
[BlackElo "2004"]

1. d4 d5 2. Nc3 Nf6 3. Nf3 Nc6 4. e3 a6 5. Bd3 e6 6. Ne5 Nxe5 7. dxe5 Nd7 8. f4
Qh4+ 9. g3 Qh3 10. Qf3 Bb4 11. Bd2 Nc5 12. Qe2 Nxd3+ 13. cxd3 b5 14. O-O-O Bd7
15. a3 Ba5 16. Na2 Bb6 17. Kb1 a5 18. Rdf1 Qf5 19. Ka1 h5 20. e4 dxe4 21. dxe4
Qh7 22. Rc1 f5 23. exf5 Qxf5 24. Qf3 Rb8 25. Rhd1 g5 26. Qc3 g4 27. Be3 Rh7 28.
Bxb6 cxb6 29. Qc7 Rc8 30. Qxb6 Rxc1+ 31. Rxc1 a4 32. Nb4 Re7 33. Nc6 Bxc6 34.
Rxc6 1-0

[Event "AUTO-OPEN-4644"]
[Site "http://www.queenalice.com/game.php?id=1870906"]
[Date "2026.3.24"]
[Round "1"]
[White "ricardoaurelio"]
[Black "zubarev"]
[Result "1-0"]
[WhiteElo "1996"]
[BlackElo "1880"]

1. e4 e5 2. Nf3 Nc6 3. Bc4 Be7 4. Nc3 Nf6 5. d3 d6 6. h3 O-O 7. O-O Na5 8. Bb3
Nxb3 9. axb3 Be6 10. Bg5 h6 11. Bxf6 Bxf6 12. Nd5 Bxd5 13. exd5 Qd7 14. c4 Rae8
15. Re1 c6 16. Rxa7 cxd5 17. Qa1 Qc7 18. Qa3 e4 19. Nd2 Bh4 20. Qb4 e3 21. Rxe3
Rxe3 22. fxe3 Rb8 23. cxd5 Qc1+ 24. Kh2 Bf2 25. Nf3 Qxe3 26. Ra1 Qf4+ 27. Qxf4
Bg3+ 28. Qxg3 1-0

[Event "AUTO-OPEN-4644"]
[Site "http://www.queenalice.com/game.php?id=1870948"]
[Date "2026.3.24"]
[Round "1"]
[White "ricardoaurelio"]
[Black "mvson33"]
[Result "1-0"]
[WhiteElo "1948"]
[BlackElo "1792"]

1. e4 e5 2. Nf3 Nc6 3. Nc3 Nf6 4. Bc4 Be7 5. d3 O-O 6. O-O d6 7. h3 Bd7 8. Nd5
Na5 9. Nxf6+ Bxf6 10. Bb3 Nxb3 11. axb3 a6 12. c3 Qe7 13. Be3 Qe6 14. Ra3 Rad8
15. c4 Be7 16. Ra2 f5 17. Bg5 fxe4 18. Bxe7 Qxe7 19. dxe4 Qf6 20. Qd5+ Kh8 21.
Qxb7 Rc8 22. Rxa6 Qd8 23. Qd5 Bxh3 24. gxh3 Rxf3 25. Kh2 Qh4 26. Qe6 Rcf8 27.
Qg4 Qxg4 28. hxg4 h6 29. Kg2 Rxb3 30. Rc6 Rf7 31. Rb1 Rbf3 32. Rf1 R3f4 33. f3
Kh7 34. b4 g6 35. Ra6 R4f6 36. Kg3 Kg7 37. b5 Kh7 38. Rf2 Kg7 39. Ra8 Rf8 40.
Ra7 R6f7 41. Ra3 Rf4 42. Ra7 R8f7 43. Ra8 h5 44. gxh5 gxh5 45. Ra1 h4+ 46. Kg2
Kh6 47. Ra8 Kh7 48. Ra7 Kg7 49. Ra8 Kh7 50. Ra7 Rg7+ 51. Kh2 h3 52. b6 cxb6 53.
Rxg7+ Kxg7 54. Kxh3 Kf7 55. Kg3 Ke6 56. Rb2 Rf7 57. Rxb6 Rc7 58. Rb4 Kd7 59. Kf2
Kc6 60. Ke3 Kc5 61. Ra4 Rc6 62. Kd3 Rb6 63. Kc3 Rb8 64. Ra5+ Kb6 65. Rb5+ Kc7
66. Rxb8 Kxb8 67. Kb4 Kc7 68. Kb5 Kb7 69. c5 dxc5 70. Kxc5 1-0